000 00692 a2200241 4500
020 _a0-8247-0976-4
041 _aEng
082 _a515.924
_bG76g
100 _aGraham, Ian
_98710
100 _aKohr, Gabriela
_98711
245 _aGeometric function theory in one and higher dimensions
260 _aNew York
_bMarcel Dekker
_c2003
300 _axv, 530p.
440 _aMonographs and textbooks in pure and applied mathematics
_97890
504 _aBibliography: p.477-520
518 _a2011-1-6
530 _aM
650 _aApplied mathematics
_9870
650 _aDifferential equation
_91827
650 _aMathematicians
_98712
653 _aComplex variables
942 _2ddc
_cGEN
999 _c50285
_d50281